| 000 | 00519cam a22002051 4500 | ||
|---|---|---|---|
| 001 | sa 67005050 | ||
| 003 | DLC | ||
| 005 | 20260227112353.0 | ||
| 008 | 890511s1966 ii 000 0 hino | ||
| 010 | _asa 67005050 | ||
| 035 | _a(OCoLC)19696343 | ||
| 040 |
_aDLC _cWaU _dDLC |
||
| 050 | 0 | 0 |
_aPK2098.G8 _bZ68 1966 |
| 100 | 1 | _aGoel, Uma Kant. | |
| 245 | 1 | 0 | _aGupta jī kī kāvya-ss̄adhanā. |
| 260 | _c[1966] | ||
| 300 |
_a343 p. _c23 cm. |
||
| 500 | _aIn Hindi. | ||
| 600 | 1 | 0 |
_aGupta, Maithili Sarana, _d1886-1964. |
| 999 |
_c74928 _d74928 |
||